High quality cold rubber (Record no. 60399)

MARC details
000 -LEADER
fixed length control field 00246nam a2200109Ia 4500
245 #0 - TITLE STATEMENT
Title High quality cold rubber
260 ## - PUBLICATION, DISTRIBUTION, ETC. (IMPRINT)
Name of publisher Planter
Year of publication 1953
300 ## - PHYSICAL DESCRIPTION
Number of Pages 247
650 ## - SUBJECT ADDED ENTRY--TOPICAL TERM
Topical Term Cold rubber
942 ## - ADDED ENTRY ELEMENTS (KOHA)
Koha item type Journals
Holdings
Withdrawn status Lost status Damaged status Not for loan Home library Current library Shelving location Date acquired Serial Enumeration / chronology Koha item type
      Journals RRII Library RRII Library Rubber chemistry 17/12/2021 Volume 29, Issue 5 Journals